| 000 | 01983cam a2200469Ma 4500 | ||
|---|---|---|---|
| 999 |
_c3834 _d3834 |
||
| 001 | .b16010565 | ||
| 003 | OSt | ||
| 005 | 20241106112410.0 | ||
| 008 | 191118s2000 bcca 000 0 eng d | ||
| 020 |
_a9781408855706 _q(pbk.) : |
||
| 035 | _a(OCoLC)286408452 | ||
| 040 |
_aAEC _beng _cGPRCL _dOCLCQ _dOCLCO _dOCLCA _dOCLCQ _dOCLCO _dNZASP _dOCLCO _dNZHPC _dOCLCF _dOCLCO _dTWWZU _dKH8 |
||
| 041 | 0 | _aeng | |
| 042 | _anbic | ||
| 082 | _aFIC ROW | ||
| 100 | 1 |
_aRowling, J. K. _eauthor |
|
| 245 | 1 | 0 |
_aHarry Potter and the half-blood prince / _cJ.K. Rowling. |
| 250 | _aFirst edition. | ||
| 260 |
_aLondon : _bBloomsbury, _c2000. |
||
| 300 |
_a607 pages : _billustrations ; _c20 cm. |
||
| 336 |
_atext _btxt _2rdacontent. |
||
| 337 |
_aunmediated _bn _2rdamedia. |
||
| 338 |
_avolume _bnc _2rdacarrier. |
||
| 490 | 1 |
_aHarry Potter ; _v6. |
|
| 500 | _aBk. 6. | ||
| 520 | _aSixth-year Hogwarts student Harry Potter gains valuable insights into the boy Voldemort once was, even as his own world is transformed by maturing friendships, schoolwork assistance from an unexpected source, and devastating losses.lay Quidditch and does battle in a deadly duel. | ||
| 600 | 1 | 0 |
_aPotter, Harry _c(Fictitious character) _vJuvenile fiction. |
| 600 | 1 | 0 |
_aPotter, Harry _c(Fictitious character) _xJuvenile fiction. |
| 600 | 1 | 0 |
_aHogwarts School of Witchcraft and Wizardry (Imaginary place) _vJuvenile fiction. |
| 600 | 1 | 7 |
_aPotter, Harry _c(Fictitious character) _2fast _0(OCoLC)fst01073565. |
| 650 | 0 |
_aWizards ; _vJuvenile fiction. |
|
| 650 | 0 |
_aMagic ; _vJuvenile fiction. |
|
| 650 | 7 |
_aMagic. _2fast _0(OCoLC)fst01005468. |
|
| 650 | 7 |
_aWizards. _2fast _0(OCoLC)fst01176452. |
|
| 655 | 7 |
_aFantasy fiction. _2lcgft. |
|
| 655 | 7 |
_aFantasy fiction. _2fast _0(OCoLC)fst01726607. |
|
| 655 | 7 |
_aFiction. _2fast _0(OCoLC)fst01423787. |
|
| 655 | 7 |
_aJuvenile works. _2fast _0(OCoLC)fst01411637. |
|
| 800 | 1 |
_aRowling, J. K. _tHarry Potter series ; _v6. |
|
| 830 | 0 |
_aHarry Potter ; _v6. |
|
| 942 |
_2ddc _cFIC |
||